Fundamentals of investments / (Record no. 773)

000 -LEADER
fixed length control field 00794cam a22002654a 4500
001 - CONTROL NUMBER
control field 11789557
003 - CONTROL NUMBER IDENTIFIER
control field OSt
005 - DATE AND TIME OF LATEST TRANSACTION
control field 20140116120837.0
008 - FIXED-LENGTH DATA ELEMENTS--GENERAL INFORMATION
fixed length control field 990915s2001 njua b 001 0 eng
010 ## - LIBRARY OF CONGRESS CONTROL NUMBER
LC control number 99048069
020 ## - INTERNATIONAL STANDARD BOOK NUMBER
International Standard Book Number 9780132926171
040 ## - CATALOGING SOURCE
Transcribing agency DLC
050 00 - LIBRARY OF CONGRESS CALL NUMBER
Classification number HG4521.A444 2001
100 1# - MAIN ENTRY--PERSONAL NAME
Personal name Alexander, Gordon J.,
Dates associated with a name 1947-
245 10 - TITLE STATEMENT
Title Fundamentals of investments /
Statement of responsibility, etc Gordon J. Alexander, William F. Sharpe and Jeffery V. Bailey.
250 ## - EDITION STATEMENT
Edition statement 3rd ed.
260 ## - PUBLICATION, DISTRIBUTION, ETC. (IMPRINT)
Place of publication, distribution, etc Upper Saddle River, NJ :
Name of publisher, distributor, etc Prentice Hall,
Date of publication, distribution, etc 2001.
300 ## - PHYSICAL DESCRIPTION
Extent xxxi, 781 p. :
Other physical details ill.
440 #0 - SERIES STATEMENT/ADDED ENTRY--TITLE
Title Prentice Hall finance series
504 ## - BIBLIOGRAPHY, ETC. NOTE
Bibliography, etc Includes bibliographical references and index.
650 #0 - SUBJECT ADDED ENTRY--TOPICAL TERM
Topical term or geographic name as entry element Investments.
700 1# - ADDED ENTRY--PERSONAL NAME
Personal name Sharpe, William F.
700 1# - ADDED ENTRY--PERSONAL NAME
Personal name Bailey, Jeffery V.
942 ## - ADDED ENTRY ELEMENTS (KOHA)
Source of classification or shelving scheme
Koha item type Book
Holdings
Withdrawn status Lost status Source of classification or shelving scheme Damaged status Not for loan Home library Current library Date acquired Source of acquisition Total Checkouts Full call number Barcode Date last seen Date checked out Copy number Price effective from Koha item type
          Riara University Library Riara University Library 31/10/2011 Purchase 3 HG4521.A444 2001 2795/11 19/07/2017 13/07/2017 C.1 31/10/2011 Book
          Riara University Library Riara University Library 29/03/2012   1 HG4521.A444 2001 3211/11 03/10/2013 18/09/2013 C.2 29/03/2012 Book
          Riara University Library Riara University Library 29/03/2012   5 HG4521.A444 2001 3210/11 29/11/2016 13/10/2016 C.3 29/03/2012 Book

Riara University Library,
P.O. Box 49940-00100,
Nairobi, Kenya.